| 000 | 00514nam a2200169 i 4500 | ||
|---|---|---|---|
| 001 | 35196 | ||
| 003 | ES-MaACL | ||
| 005 | 20230906155056.0 | ||
| 007 | t| | ||
| 008 | 030212s1952 sp ||||1| spa d | ||
| 100 | 1 |
_aBorregón Ribes, Vicente. _930575 |
|
| 245 | 1 | 3 |
_aLa emigración española a América / _cVicente Borregón Ribes. |
| 260 |
_aVigo : _b[s.n., _c1952] ( _fTall. Tip. el Faro de Vigo) |
||
| 300 |
_a350 p. ; _c22 cm. |
||
| 500 | _aPremio Nacional Marvá 1951. | ||
| 852 |
_aES-MaACL _jD-9135 _bR.34235 |
||
| 999 |
_c35196 _d35196 |
||